| 000 -ლიდერი |
| ფიქსირებული სიგრძის საკონტროლო ველი |
01318nam a2200229Ia 4500 |
| 001 - საკონტროლო ნომერი |
| საკონტროლო ველი |
6236 |
| 003 - საკონტროლო ნომრის იდენტიფიკატორი |
| საკონტროლო ველი |
GE_BSU |
| 005 - ბოლო ოპერაციის თარიღი და დრო |
| საკონტროლო ველი |
20190701162016.0 |
| 008 - ფიქსირებული სიგრძის მონაცემთა ელემენტები - ზოგადი ინფორმაცია |
| ფიქსირებული სიგრძის საკონტროლო ველი |
181216s1984|||| |||||||||||||| ||geo|| |
| 041 ## - ენის კოდი |
| Language code of text/sound track or separate title |
geo |
| 080 ## - უნივერსალური ათობითი კლასიფიკაციის ინდექსი |
| Universal Decimal Classification number |
621.7(075.8) თ-15 |
| 100 ## - მთავარი ჩანაწერი - პიროვნების სახელი |
| Personal name |
თავართქილაძე, ზ. |
| 9 (RLIN) |
3131 |
| 245 ## - ცნობა სათაურის შესახებ |
| Title |
დეტალების დამუშავების ტექნოლოგიური პროცესის შემუშავება და პროგრამების შედგენა ციფრობრივპროგრამული მართვის ჩარხებისათვის : |
| Remainder of title |
სახელმძღვ. / |
| Statement of responsibility, etc |
ზ. თავართქილაძე ; გ. თალაკვაძე ; მ. თალაკვაძე, ; რედ : მ. ძიძიგური. |
| 264 ## - წარმოების, გამოცემის, დისტრიბუციის და სხვა ცნობები |
| გამოცემის, წარმოების, დისტრიბუციის... ადგილი |
თბილისი : |
| გამოცემის, წარმოების, დისტრიბუციის... სახელწოდება |
სპი, |
| გამოცემის, წარმოების, დისტრიბუციის... თარიღი |
1984. |
| 300 ## - ფიზიკური აღწერა |
| Extent |
128 გვ .: |
| Other physical details |
ილ ; ცხრ. |
| Dimensions |
20 სმ .: |
| 504 ## - BIBLIOGRAPHY, ETC. NOTE |
| Bibliography, etc |
ბიბლიოგრ.:გვ.126. |
| 653 ## - INDEX TERM--UNCONTROLLED |
| Uncontrolled term |
ლითონების დამუშავება |
| 700 ## - ADDED ENTRY--PERSONAL NAME |
| Personal name |
თალაკვაძე, გ |
| 9 (RLIN) |
3132 |
| 700 ## - ADDED ENTRY--PERSONAL NAME |
| Personal name |
თალაკვაძე, მ |
| 9 (RLIN) |
3133 |
| 700 ## - ADDED ENTRY--PERSONAL NAME |
| Personal name |
ძიძიგური, მ |
| Relator term |
რედაქტორი |
| 9 (RLIN) |
472 |
| 942 ## - ADDED ENTRY ELEMENTS (KOHA) |
| Koha item type |
წიგნი |
| Source of classification or shelving scheme |
|